Survivor U.S Winners - Statistics

General Stats
  • This quiz has been taken 282 times
    40 since last reset
  • The average score is 43 of 49
Answer Stats
# Season Title Winner % Correct
1 Survivor: Borneo Richard Hatch
100%
3 Survivor: Africa Ethan Zohn
97%
8 Survivor: All-Stars Amber Brkich
94%
45 Survivor 45 Dee Valladares
94%
46 Survivor 46 Kenzie Petty
94%
22 Survivor: Redemption Island Rob Mariano
94%
7 Survivor: Pearl Islands Sandra Diaz-Twine
94%
20 Survivor: Heroes vs Villains Sandra Diaz-Twine
94%
49 Survivor 49 Savannah Louie
94%
2 Survivor: The Australian Outback Tina Wesson
94%
28 Survivor: Cagayan Tony Vlachos
94%
40 Survivor: Winners at War Tony Vlachos
94%
35 Survivor: Heroes vs. Healers vs. Hustlers Ben Driebergen
91%
6 Survivor: The Amazon Jenna Morasca
91%
24 Survivor: One World Kim Sprandlin
91%
48 Survivor 48 Kyle Fraser
91%
29 Survivor: San Juan del Sur Natalie Anderson
91%
19 Survivor: Samoa Natalie White
91%
16 Survivor: Micronesia Parvati Shallow
91%
34 Survivor: Game Changers Sarah Lacina
91%
10 Survivor: Palau Tom Westman
91%
27 Survivor: Blood vs. Water Tyson Apostol
91%
36 Survivor: Ghost Island Wendell Holland
91%
13 Survivor: Cook Islands Yul Kwon
91%
41 Survivor 41 Erika Casupanan
88%
31 Survivor: Cambodia Jeremy Collins
88%
26 Survivor: Caramoan John Cochran
88%
43 Survivor 43 Mike Gabler
88%
37 Survivor: David vs. Goliath Nick Wilson
88%
47 Survivor 47 Rachel LaMont
88%
23 Survivor: South Pacific Sophie Clarke
88%
4 Survivor: Marquesas Vecepia Towery
88%
44 Survivor 44 Yam Yam Arocho
88%
33 Survivor: Milennials vs. Gen X Adam Klein
85%
9 Survivor: Vanuatu Chris Daugherty
85%
38 Survivor: Edge of Extinction Chris Underwood
85%
25 Survivor: Philippines Denise Stapley
85%
18 Survivor: Tocantins James "J.T." Thomas Jr.
85%
42 Survivor 42 Maryanne Oketch
85%
39 Survivor: Island of the Idols Tommy Sheehan
85%
12 Survivor: Panama Aras Baskauskas
82%
11 Survivor: Guatemala Danni Boatwright
82%
21 Survivor: Nicaragua Jud "Fabio" Birza
82%
32 Survivor: Kaoh Rong Michele Fitzgerald
82%
17 Survivor: Gabon Robert "Bob" Crowley
82%
15 Survivor: China Todd Herzog
82%
5 Survivor: Thailand Brian Heidik
76%
14 Survivor: Fiji Earl Cole
76%
30 Survivor: World's Apart Mike Holloway
76%
No matching quizzes found
Score Distribution
Percent of People with Each Score
Percentile by Number Answered
Your Score History
You have not taken this quiz since the last reset